000 00434nam a2200193Ia 4500
005 20250425162448.0
008 250425s9999 xx 000 0 und d
020 _a0865314640
041 _aeng
082 _a639.8
245 0 _aRECENT ADVANCES IN AQUACULTURE
250 _aS.E.
260 _aLONDON
260 _aReino Unido
_bCROOM HELM
_c1982
300 _a453
650 _aACUACULTURA
942 _c01
010 _a75636
999 _c229725
_d229725